000 00674nam a2200205Ii 4500
003 JO-AjNU
008 230605s9999||||xx |||||||||||||| ||und||
040 _aJO-AjNU
_bara
_erda
_cJO-AjNU
041 _aara
050 1 4 _aPJ6830.2002
100 3 _aشيخاني، سمير,
_eauthor
_941929
245 0 0 _aمعجم الكلمات الجامعة : أقوال مأثورة وحكم
250 _aط1
264 3 1 _aبيروت: دار الجيل، 2002
300 _a382ص
336 _atext
_btxt
_2rdacontent
337 _aunmediated
_bn
_2rdamedia
338 _avolume
_bnc
_2rdacarrier
650 4 _aالحكم والمأثورات -- الأمثال العربية
_941930
999 _aA17916
_c21484
_d21484